000 00870cam a2200253 i 4500
003 SA-RiAUC
005 20251102131333.0
008 251031s1963 su g l 000 0 ara c
040 _aSA-RiKSU
_bara
_cSA-RiAUC
_erda
043 _aa-su---
082 0 4 _a344.531005
090 _a344.531005
_bس ع و
110 _aالسعودية
_eمؤلف
245 0 0 _aنظام المطابع والمطبوعات.
250 _aالطبعة السادسة.
264 1 _aمكة المكرمة :
_bمطبعة الحكومة،
_c[1963]
300 _a18 صفحة؛
_c24 سم.
336 _aنص
_btxt
_2rdacontent
_3كتاب
337 _aبدون وسيط
_bn
_2rdamedia
338 _aمجلد
_bnc
_2rdacarrier
650 7 _aالمطبوعات
_xقوانين وتشريعات
_zالسعودية
_2aucsh
942 _2ddc
_cBOOK
_n0
949 _aSA-JeALM
_d251031
_umohamedma123
_n1
999 _c12929
_d12929